Top 5 Most Populated Countries In Every Continent - Statistics

General Stats
  • This quiz has been taken 57 times
  • The average score is 28 of 30
Answer Stats
# 2024 Pop Answer % Correct
1 26.7M Australia
98%
3 39.7M Canada
98%
2 1.41B China
98%
4 66.5M France
98%
1 1.45B India
98%
2 130.8M Mexico
98%
1 144.8M Russia
98%
3 69.1M United Kingdom
98%
1 345.4M United States
98%
3 45.6M Argentina
96%
1 211.9M Brazil
96%
2 52.8M Colombia
96%
2 84.5M Germany
96%
3 283.4M Indonesia
96%
5 59.3M Italy
96%
3 5.2M New Zealand
96%
1 232.6M Nigeria
96%
4 109.2M DR Congo
94%
4 251.2M Pakistan
94%
2 10.5M Papua New Guinea
94%
4 34.2M Peru
94%
5 172.5M Bangladesh
92%
3 116.5M Egypt
92%
4 928K Fiji
92%
5 28.4 Venezuela
92%
4 18.4M Guatemala
86%
2 132.0M Ethiopia
84%
5 819K Solomon Islands
80%
5 68.5M Tanzania
80%
5 11.7M Haiti
76%
No matching quizzes found
Score Distribution
Percent of People with Each Score
Percentile by Number Answered
Your Score History
You have not taken this quiz